Кадастр подземных вод СССР. Т. 2: Каталог буровых скважин (Запись № 8888140)

Подробности
000 -МАРКЕР
контрольное поле 01328nam2a22002411 4500
001 - ИДЕНТИФИКАТОР ЗАПИСИ
контрольное поле rc\4500716
005 - ИДЕНТИФИКАТОР ВЕРСИИ
контрольное поле 20250611185054.0
035 ## - ДРУГИЕ СИСТЕМНЫЕ НОМЕРА
Идентификатор записи (NLR Aleph) 008342849
100 ## - ДАННЫЕ ОБЩЕЙ ОБРАБОТКИ
Данные общей обработки 20130416d1964 |||y0rusy50 ca
101 0# - ЯЗЫК РЕСУРСА
Язык текста, звукозаписи и т.д. русский
102 ## - СТРАНА ПУБЛИКАЦИИ ИЛИ ПРОИЗВОДСТВА
Страна публикации Российская Федерация
105 ## - ПОЛЕ КОДИРОВАННЫХ ДАННЫХ: ТЕКСТОВЫЕ МАТЕРИАЛЫ, МОНОГРАФИЧЕСКИЕ
Кодированные данные о монографическом текстовом документе y b |||||
200 1# - ЗАГЛАВИЕ И СВЕДЕНИЯ ОБ ОТВЕТСТВЕННОСТИ
Основное заглавие Каталог буровых скважин
Обозначение и номер части Кн. 5
Наименование части Приазовский район
210 ## - ПУБЛИКАЦИЯ, РАСПРОСТРАНЕНИЕ И ДР.
Место издания, распространения и т.д. Москва
Имя издателя, распространителя и т. д. Б. и.
Дата издания, распространения и т.д. 1964
215 ## - ФИЗИЧЕСКАЯ ХАРАКТЕРИСТИКА
Специфическое обозначение материала и объем 281 с.
333 ## - ПРИМЕЧАНИЯ ОБ ОСОБЕННОСТЯХ РАСПРОСТРАНЕНИЯ И ИСПОЛЬЗОВАНИЯ
Текст примечания ДСП. Экз. № 243
461 #0 - УРОВЕНЬ НАБОРА
Встроенное поле 001rc\4500709
-- 2001#$aКадастр подземных вод СССР$eЗапорожская область$e[В 2 т.]$fСост. Г.Т. Тяжлов, А.Т. Полторапавлов, В.Е. Тяжлова$gГос. геол. ком. СССР. Всесоюз. геол. фонд. Гл. упр. геологии и охраны недр при Совете Министров УССР. Трест Днепрогеология. Т. 1-2$vТ. 2
Системный номер (АБИС) связанной записи 8888101
Место публикации Москва
Дата публикации 1964
Первые сведения об ответственности Сост. Г.Т. Тяжлов, А.Т. Полторапавлов, В.Е. Тяжлова
Имя издателя, распространителя и т.д. Б. и.
Сведения, относящиеся к заглавию Запорожская область : [В 2 т.]
Физическая характеристика 8 т.
Заглавие Кадастр подземных вод СССР
Номер тома Т. 2
801 #0 - ИСТОЧНИК ЗАПИСИ
Страна Российская Федерация
Организация NLR
Правила каталогизации psbo
801 #1 - ИСТОЧНИК ЗАПИСИ
Страна Российская Федерация
Организация ELAR
Источник данных rusmarc
852 ## - МЕСТОНАХОЖДЕНИЕ И ШИФР ХРАНЕНИЯ
Идентификатор организации NLR
Шифр хранения (Call Number) 65-7/1071
942 ## - ДОПОЛНИТЕЛЬНЫЕ ЭЛЕМЕНТЫ ЗАПИСИ (АБИС)
Тип экземпляра АБИС Книга
980 ## - КОЛЛЕКЦИЯ
Название коллекции Национальная библиография
Экземпляры
Тип экземпляра Дата поступления Библиотека постоянного хранения Библиотека текущего хранения Место хранения Шифр хранения Штрих-код Статус экземпляра
Книга 26.10.2013 РНБ (Московский) РНБ (Московский) Русский книжный фонд: издания с 1957 года 65-7/1071 8342849-10